Insurance Economics (Record no. 43453)

MARC details
000 -LEADER
fixed length control field 00462nam a22001817a 4500
005 - DATE AND TIME OF LATEST TRANSACTION
control field 20250327160539.0
008 - FIXED-LENGTH DATA ELEMENTS--GENERAL INFORMATION
fixed length control field 250327b |||||||| |||| 00| 0 eng d
020 ## - INTERNATIONAL STANDARD BOOK NUMBER
International Standard Book Number 9783030803926
041 ## - LANGUAGE CODE
Language code of text/sound track or separate title eng
082 ## - DEWEY DECIMAL CLASSIFICATION NUMBER
Classification number 368 ZWE
100 ## - MAIN ENTRY--PERSONAL NAME
Author Zweifel, Peter
245 ## - TITLE STATEMENT
Title Insurance Economics
260 ## - PUBLICATION, DISTRIBUTION, ETC.
Place Switzerland
Publisher Springer Nature
Publication Year 2024
300 ## - PHYSICAL DESCRIPTION
Extent 531;. pages: 24 cm
650 ## - SUBJECT ADDED ENTRY--TOPICAL TERM
Subject Insurance
700 ## - ADDED ENTRY--PERSONAL NAME
Co-Author Eisen, Roland and Eckles, David L.
942 ## - ADDED ENTRY ELEMENTS (KOHA)
Koha item type Books
Holdings
Withdrawn status Lost status Source of classification or shelving scheme Damaged status Not for loan Home library Current library Shelving location Accession Date Vendor Price Bill number Total Checkouts Full call number Barcode No Date last seen Discount Bill Date Koha item type Suggested By
    Dewey Decimal Classification     IMTN IMTN Rack 16-A 03/24/2025 Raghav Books Private Limited 6057.07 2374   368 ZWE 33744 03/27/2025 33 02/14/2025 Books Dr. Veena Pailwar
Designed & Maintained by: LRC IMT Nagpur Contact: lrc@imtnag.ac.in© 2024. All Rights Reserved.